[Event "April 9 Early 2024"]
[Site "Chess.com"]
[Date "2024.04.09"]
[Round "1"]
[White "Goltsev, Dmitry"]
[Black "Gajwa Ankit"]
[Result "1-0"]
[Board "122"]
[WhiteFideId "24176710"]
[BlackFideId "5077834"]
[WhiteTitle "FM"]
[BlackTitle "FM"]
[WhiteElo "2782"]
[BlackElo "2447"]
[WhiteTeam "RUS"]
[BlackTeam "IND"]
[WhiteClock "0:00:08"]
[BlackClock "0:00:03"]
[Variant "Standard"]

1. e4 {[%clk 0:02:47]}  c5 {[%clk 0:02:58]} 2. Nf3 {[%clk 0:02:45]}  d6 {[%clk 0:02:59]} 3. d4 {[%clk 0:02:43]}  cxd4 {[%clk 0:03:00]} 4. Nxd4 {[%clk 0:02:44]}  Nf6 {[%clk 0:03:00]} 5. Nc3 {[%clk 0:02:43]}  g6 {[%clk 0:03:01]} 6. Be2 {[%clk 0:02:41]}  Bg7 {[%clk 0:03:01]} 7. O-O {[%clk 0:02:38]}  O-O {[%clk 0:03:01]} 8. Be3 {[%clk 0:02:39]}  Nc6 {[%clk 0:03:01]} 9. f4 {[%clk 0:02:38]}  Qb6 {[%clk 0:02:58]} 10. Na4 {[%clk 0:02:35]}  Qa5 {[%clk 0:02:51]} 11. Nxc6 {[%clk 0:02:34]}  bxc6 {[%clk 0:02:41]} 12. Nc3 {[%clk 0:02:33]}  Rb8 {[%clk 0:02:39]} 13. Rb1 {[%clk 0:02:32]}  Rxb2 {[%clk 0:02:36]} 14. Rxb2 {[%clk 0:02:31]}  Qxc3 {[%clk 0:02:35]} 15. Bd4 {[%clk 0:02:29]}  Qa3 {[%clk 0:02:19]} 16. Bf3 {[%clk 0:02:23]}  Nxe4 {[%clk 0:01:44]} 17. Bxe4 {[%clk 0:02:20]}  Bxd4+ {[%clk 0:01:43]} 18. Qxd4 {[%clk 0:02:15]}  c5 {[%clk 0:01:43]} 19. Rb3 {[%clk 0:01:32]}  Qxb3 {[%clk 0:01:43]} 20. Qxc5 {[%clk 0:01:32]}  Qxa2 {[%clk 0:01:32]} 21. Qc7 {[%clk 0:01:30]}  Qe6 {[%clk 0:01:27]} 22. Bd3 {[%clk 0:01:27]}  Qe3+ {[%clk 0:01:25]} 23. Kh1 {[%clk 0:01:27]}  Bg4 {[%clk 0:01:19]} 24. h3 {[%clk 0:01:24]}  Bxh3 {[%clk 0:00:35]} 25. gxh3 {[%clk 0:01:16]}  Qxh3+ {[%clk 0:00:35]} 26. Kg1 {[%clk 0:01:17]}  Qg3+ {[%clk 0:00:35]} 27. Kh1 {[%clk 0:01:17]}  Qh3+ {[%clk 0:00:29]} 28. Kg1 {[%clk 0:01:17]}  Rc8 {[%clk 0:00:24]} 29. Qb7 {[%clk 0:01:15]}  Qe3+ {[%clk 0:00:21]} 30. Kg2 {[%clk 0:01:12]}  Rc5 {[%clk 0:00:21]} 31. Qf3 {[%clk 0:01:10]}  Qd2+ {[%clk 0:00:20]} 32. Rf2 {[%clk 0:01:10]}  Qc3 {[%clk 0:00:20]} 33. Re2 {[%clk 0:01:10]}  Qf6 {[%clk 0:00:19]} 34. Qe4 {[%clk 0:01:09]}  Rh5 {[%clk 0:00:18]} 35. Kf2 {[%clk 0:00:52]}  Rh4 {[%clk 0:00:18]} 36. Ke3 {[%clk 0:00:49]}  e5 {[%clk 0:00:19]} 37. Rf2 {[%clk 0:00:45]}  exf4+ {[%clk 0:00:17]} 38. Kd2 {[%clk 0:00:45]}  Kg7 {[%clk 0:00:16]} 39. Qa4 {[%clk 0:00:40]}  Qe5 {[%clk 0:00:13]} 40. Qxa7 {[%clk 0:00:40]}  Rh3 {[%clk 0:00:13]} 41. Re2 {[%clk 0:00:36]}  Qg5 {[%clk 0:00:12]} 42. Qd4+ {[%clk 0:00:26]}  Kh6 {[%clk 0:00:13]} 43. Kc3 {[%clk 0:00:25]}  f3 {[%clk 0:00:12]} 44. Re4 {[%clk 0:00:23]}  Qa5+ {[%clk 0:00:12]} 45. Kb2 {[%clk 0:00:22]}  Rh5 {[%clk 0:00:11]} 46. Qe3+ {[%clk 0:00:19]}  Kg7 {[%clk 0:00:11]} 47. Qxf3 {[%clk 0:00:19]}  Qb6+ {[%clk 0:00:12]} 48. Kc3 {[%clk 0:00:17]}  Rc5+ {[%clk 0:00:12]} 49. Kd2 {[%clk 0:00:17]}  Qa5+ {[%clk 0:00:12]} 50. Ke2 {[%clk 0:00:17]}  Rf5 {[%clk 0:00:12]} 51. Qe3 {[%clk 0:00:14]}  Qa3 {[%clk 0:00:04]} 52. Re7 {[%clk 0:00:12]}  Rf6 {[%clk 0:00:04]} 53. Qd4 {[%clk 0:00:09]}  Qc1 {[%clk 0:00:04]} 54. Bc4 {[%clk 0:00:08]}  Qf1+ {[%clk 0:00:04]} 55. Kd2 {[%clk 0:00:08]}  Qg2+ {[%clk 0:00:04]} 56. Kc3 {[%clk 0:00:08]}  Qc6 {[%clk 0:00:04]} 57. Rxf7+ {[%clk 0:00:09]}  Kg8 {[%clk 0:00:03]} 58. Rxf6+ {[%clk 0:00:08]} 1-0

[Event "April 9 Early 2024"]
[Site "Chess.com"]
[Date "2024.04.09"]
[Round "1"]
[White "Zafirakos, Jesse"]
[Black "Riehle, Marco"]
[Result "0-1"]
[Board "123"]
[WhiteFideId "3236200"]
[BlackFideId "12904392"]
[WhiteTitle "CM"]
[BlackTitle "FM"]
[WhiteElo "2447"]
[BlackElo "2782"]
[WhiteTeam "AUS"]
[BlackTeam "GER"]
[WhiteClock "0:00:08"]
[BlackClock "0:00:23"]
[Variant "Standard"]

1. d4 {[%clk 0:02:57]}  d5 {[%clk 0:02:59]} 2. c4 {[%clk 0:02:53]}  e6 {[%clk 0:02:58]} 3. Nf3 {[%clk 0:02:52]}  Nf6 {[%clk 0:02:58]} 4. g3 {[%clk 0:02:52]}  dxc4 {[%clk 0:02:58]} 5. Bg2 {[%clk 0:02:51]}  c5 {[%clk 0:02:59]} 6. Qa4+ {[%clk 0:02:43]}  Nbd7 {[%clk 0:02:41]} 7. Qxc4 {[%clk 0:02:42]}  a6 {[%clk 0:02:40]} 8. dxc5 {[%clk 0:02:39]}  Bxc5 {[%clk 0:02:39]} 9. a4 {[%clk 0:02:34]}  b5 {[%clk 0:02:38]} 10. Qc2 {[%clk 0:02:31]}  Bb7 {[%clk 0:02:36]} 11. O-O {[%clk 0:02:31]}  O-O {[%clk 0:02:37]} 12. Nbd2 {[%clk 0:02:15]}  Rc8 {[%clk 0:02:32]} 13. Qd3 {[%clk 0:02:09]}  Qb6 {[%clk 0:02:27]} 14. axb5 {[%clk 0:02:06]}  axb5 {[%clk 0:02:27]} 15. b4 {[%clk 0:02:04]}  Bxb4 {[%clk 0:02:15]} 16. Rb1 {[%clk 0:02:04]}  Bxd2 {[%clk 0:02:16]} 17. Bxd2 {[%clk 0:01:58]}  Ba6 {[%clk 0:01:51]} 18. Bb4 {[%clk 0:01:52]}  Nc5 {[%clk 0:01:43]} 19. Qa3 {[%clk 0:01:52]}  Nd5 {[%clk 0:01:39]} 20. Ba5 {[%clk 0:01:44]}  Qa7 {[%clk 0:01:33]} 21. Ra1 {[%clk 0:01:37]}  Bb7 {[%clk 0:01:26]} 22. Rfc1 {[%clk 0:01:33]}  Na4 {[%clk 0:01:17]} 23. Be1 {[%clk 0:01:29]}  Rxc1 {[%clk 0:01:12]} 24. Rxc1 {[%clk 0:01:28]}  Rc8 {[%clk 0:01:13]} 25. Rxc8+ {[%clk 0:01:23]}  Bxc8 {[%clk 0:01:14]} 26. Qb3 {[%clk 0:01:21]}  Qb6 {[%clk 0:01:08]} 27. e3 {[%clk 0:01:19]}  Nc5 {[%clk 0:01:03]} 28. Qb1 {[%clk 0:01:16]}  h6 {[%clk 0:00:58]} 29. Nd4 {[%clk 0:01:16]}  Bd7 {[%clk 0:00:57]} 30. Nf5 {[%clk 0:01:02]}  exf5 {[%clk 0:00:53]} 31. Bxd5 {[%clk 0:01:02]}  Be6 {[%clk 0:00:54]} 32. Bg2 {[%clk 0:00:57]}  Na6 {[%clk 0:00:48]} 33. Bf1 {[%clk 0:00:55]}  Nc7 {[%clk 0:00:43]} 34. Qb4 {[%clk 0:00:47]}  Qc6 {[%clk 0:00:42]} 35. Bd2 {[%clk 0:00:28]}  Bc4 {[%clk 0:00:36]} 36. Bg2 {[%clk 0:00:27]}  Bd5 {[%clk 0:00:35]} 37. Bf1 {[%clk 0:00:26]}  Qc2 {[%clk 0:00:31]} 38. Bc3 {[%clk 0:00:20]}  Qd1 {[%clk 0:00:31]} 39. Qd4 {[%clk 0:00:16]}  Qxd4 {[%clk 0:00:31]} 40. Bxd4 {[%clk 0:00:17]}  Bc4 {[%clk 0:00:31]} 41. Be5 {[%clk 0:00:16]}  Ne6 {[%clk 0:00:24]} 42. Bg2 {[%clk 0:00:15]}  b4 {[%clk 0:00:23]} 43. Bf1 {[%clk 0:00:10]}  Bxf1 {[%clk 0:00:22]} 44. Kxf1 {[%clk 0:00:11]}  f6 {[%clk 0:00:22]} 45. Ba1 {[%clk 0:00:09]}  Nc5 {[%clk 0:00:21]} 46. Ke2 {[%clk 0:00:07]}  Kf7 {[%clk 0:00:20]} 47. Bd4 {[%clk 0:00:06]}  Ne4 {[%clk 0:00:15]} 48. f3 {[%clk 0:00:05]}  Nd6 {[%clk 0:00:15]} 49. Kd3 {[%clk 0:00:03]}  Ke6 {[%clk 0:00:15]} 50. Bc5 {[%clk 0:00:02]}  Nf7 {[%clk 0:00:13]} 51. Bxb4 {[%clk 0:00:02]}  Kd5 {[%clk 0:00:13]} 52. Ke2 {[%clk 0:00:01]}  g6 {[%clk 0:00:14]} 53. Bd2 {[%clk 0:00:02]}  Ke6 {[%clk 0:00:14]} 54. Bc3 {[%clk 0:00:02]}  g5 {[%clk 0:00:14]} 55. Bb2 {[%clk 0:00:03]}  g4 {[%clk 0:00:14]} 56. Kf2 {[%clk 0:00:03]}  h5 {[%clk 0:00:14]} 57. Bc3 {[%clk 0:00:02]}  Ng5 {[%clk 0:00:14]} 58. fxg4 {[%clk 0:00:02]}  fxg4 {[%clk 0:00:15]} 59. Bb2 {[%clk 0:00:02]}  Kd5 {[%clk 0:00:15]} 60. Bxf6 {[%clk 0:00:01]}  Ne4+ {[%clk 0:00:15]} 61. Kg2 {[%clk 0:00:02]}  Nxf6 {[%clk 0:00:16]} 62. h3 {[%clk 0:00:02]}  Ke4 {[%clk 0:00:17]} 63. hxg4 {[%clk 0:00:03]}  hxg4 {[%clk 0:00:17]} 64. Kf2 {[%clk 0:00:03]}  Nd5 {[%clk 0:00:17]} 65. Kg2 {[%clk 0:00:03]}  Kxe3 {[%clk 0:00:18]} 66. Kh2 {[%clk 0:00:04]}  Kf3 {[%clk 0:00:18]} 67. Kg1 {[%clk 0:00:05]}  Kxg3 {[%clk 0:00:19]} 68. Kh1 {[%clk 0:00:06]}  Kf3 {[%clk 0:00:19]} 69. Kh2 {[%clk 0:00:06]}  g3+ {[%clk 0:00:20]} 70. Kg1 {[%clk 0:00:06]}  g2 {[%clk 0:00:20]} 71. Kh2 {[%clk 0:00:07]}  Kf2 {[%clk 0:00:21]} 72. Kh3 {[%clk 0:00:07]}  g1=Q {[%clk 0:00:22]} 73. Kh4 {[%clk 0:00:08]}  Qg6 {[%clk 0:00:22]} 74. Kh3 {[%clk 0:00:08]}  Qh5# {[%clk 0:00:23]} 0-1

[Event "April 9 Early 2024"]
[Site "Chess.com"]
[Date "2024.04.09"]
[Round "1"]
[White "Clarke, Brandon G I"]
[Black "Rosh Jain"]
[Result "1-0"]
[Board "124"]
[WhiteFideId "400319"]
[BlackFideId "25789465"]
[WhiteTitle "IM"]
[BlackTitle "FM"]
[WhiteElo "2781"]
[BlackElo "2446"]
[WhiteTeam "ENG"]
[BlackTeam "IND"]
[WhiteClock "0:00:35"]
[BlackClock "0:00:34"]
[Variant "Standard"]

1. e4 {[%clk 0:03:00]}  c5 {[%clk 0:02:59]} 2. Nf3 {[%clk 0:03:00]}  d6 {[%clk 0:02:59]} 3. Bb5+ {[%clk 0:03:00]}  Nd7 {[%clk 0:02:58]} 4. O-O {[%clk 0:02:59]}  Nf6 {[%clk 0:02:57]} 5. Re1 {[%clk 0:02:57]}  a6 {[%clk 0:02:57]} 6. Bf1 {[%clk 0:02:57]}  g6 {[%clk 0:02:57]} 7. c3 {[%clk 0:02:55]}  Bg7 {[%clk 0:02:58]} 8. d4 {[%clk 0:02:56]}  cxd4 {[%clk 0:02:57]} 9. cxd4 {[%clk 0:02:57]}  e5 {[%clk 0:02:58]} 10. Nc3 {[%clk 0:02:48]}  O-O {[%clk 0:02:54]} 11. dxe5 {[%clk 0:02:44]}  Nxe5 {[%clk 0:02:50]} 12. h3 {[%clk 0:02:35]}  Be6 {[%clk 0:02:46]} 13. Nd4 {[%clk 0:02:34]}  Qe7 {[%clk 0:02:44]} 14. Bg5 {[%clk 0:02:33]}  h6 {[%clk 0:02:43]} 15. Bh4 {[%clk 0:02:33]}  g5 {[%clk 0:02:34]} 16. Bg3 {[%clk 0:02:32]}  Rfd8 {[%clk 0:02:34]} 17. Qd2 {[%clk 0:02:08]}  Nh5 {[%clk 0:02:29]} 18. Bh2 {[%clk 0:02:07]}  Rac8 {[%clk 0:02:29]} 19. Rad1 {[%clk 0:02:05]}  Nc4 {[%clk 0:02:22]} 20. Bxc4 {[%clk 0:02:03]}  Rxc4 {[%clk 0:02:23]} 21. Nf5 {[%clk 0:01:59]}  Bxf5 {[%clk 0:02:09]} 22. exf5 {[%clk 0:02:00]}  Qf6 {[%clk 0:02:08]} 23. Qe2 {[%clk 0:01:59]}  Rh4 {[%clk 0:02:05]} 24. Qf3 {[%clk 0:01:21]}  Nf4 {[%clk 0:01:41]} 25. Bg3 {[%clk 0:01:10]}  Nxh3+ {[%clk 0:01:26]} 26. gxh3 {[%clk 0:01:08]}  Rc4 {[%clk 0:01:21]} 27. Nd5 {[%clk 0:01:05]}  Qxb2 {[%clk 0:01:21]} 28. f6 {[%clk 0:01:05]}  Bf8 {[%clk 0:01:21]} 29. Rb1 {[%clk 0:00:58]}  Qd4 {[%clk 0:01:20]} 30. Rxb7 {[%clk 0:00:56]}  Qd2 {[%clk 0:01:16]} 31. Rd1 {[%clk 0:00:51]}  Rc1 {[%clk 0:01:10]} 32. Rxc1 {[%clk 0:00:51]}  Qxc1+ {[%clk 0:01:11]} 33. Kg2 {[%clk 0:00:51]}  Qc4 {[%clk 0:01:10]} 34. Rc7 {[%clk 0:00:48]}  Qxa2 {[%clk 0:01:10]} 35. Qe4 {[%clk 0:00:43]}  Qb3 {[%clk 0:00:39]} 36. Qc4 {[%clk 0:00:43]}  Qxc4 {[%clk 0:00:38]} 37. Rxc4 {[%clk 0:00:43]}  Rb8 {[%clk 0:00:38]} 38. Ra4 {[%clk 0:00:39]}  Rb5 {[%clk 0:00:37]} 39. Ne7+ {[%clk 0:00:37]}  Kh8 {[%clk 0:00:37]} 40. Rxa6 {[%clk 0:00:36]}  Rb7 {[%clk 0:00:36]} 41. Bxd6 {[%clk 0:00:36]}  Kh7 {[%clk 0:00:32]} 42. Ra8 {[%clk 0:00:34]}  Rd7 {[%clk 0:00:32]} 43. Rxf8 {[%clk 0:00:34]}  Rxd6 {[%clk 0:00:32]} 44. Rxf7+ {[%clk 0:00:34]}  Kh8 {[%clk 0:00:33]} 45. Ng6+ {[%clk 0:00:34]}  Kg8 {[%clk 0:00:34]} 46. Rg7# {[%clk 0:00:35]} 1-0

[Event "April 9 Early 2024"]
[Site "Chess.com"]
[Date "2024.04.09"]
[Round "1"]
[White "Shevchuk, Olexandr"]
[Black "Schnaider, Ilan"]
[Result "1-0"]
[Board "127"]
[WhiteFideId "14113775"]
[BlackFideId "169013"]
[BlackTitle "FM"]
[WhiteElo "2443"]
[BlackElo "2771"]
[WhiteTeam "UKR"]
[BlackTeam "ARG"]
[WhiteClock "0:00:58"]
[BlackClock "0:00:06"]
[Variant "Standard"]

1. d4 {[%clk 0:03:00]}  d5 {[%clk 0:02:59]} 2. c4 {[%clk 0:03:00]}  c6 {[%clk 0:02:59]} 3. Nf3 {[%clk 0:03:00]}  Nf6 {[%clk 0:02:59]} 4. e3 {[%clk 0:03:00]}  Bf5 {[%clk 0:02:57]} 5. Nc3 {[%clk 0:02:59]}  e6 {[%clk 0:02:56]} 6. Nh4 {[%clk 0:03:00]}  Be4 {[%clk 0:02:57]} 7. f3 {[%clk 0:02:56]}  Bg6 {[%clk 0:02:57]} 8. Be2 {[%clk 0:02:55]}  Nbd7 {[%clk 0:02:52]} 9. g3 {[%clk 0:02:54]}  Qc7 {[%clk 0:02:51]} 10. Kf2 {[%clk 0:02:48]}  Be7 {[%clk 0:02:47]} 11. b3 {[%clk 0:02:47]}  Nh5 {[%clk 0:02:42]} 12. Nxg6 {[%clk 0:02:39]}  hxg6 {[%clk 0:02:43]} 13. Bb2 {[%clk 0:02:39]}  a5 {[%clk 0:02:08]} 14. Rc1 {[%clk 0:02:35]}  Qd8 {[%clk 0:01:36]} 15. Kg2 {[%clk 0:02:22]}  g5 {[%clk 0:01:34]} 16. e4 {[%clk 0:02:21]}  dxc4 {[%clk 0:01:29]} 17. bxc4 {[%clk 0:02:20]}  O-O {[%clk 0:01:27]} 18. e5 {[%clk 0:02:19]}  f6 {[%clk 0:01:23]} 19. f4 {[%clk 0:02:15]}  g6 {[%clk 0:00:58]} 20. Bxh5 {[%clk 0:02:14]}  gxh5 {[%clk 0:00:59]} 21. Qxh5 {[%clk 0:02:12]}  Rf7 {[%clk 0:00:56]} 22. exf6 {[%clk 0:01:36]}  Bxf6 {[%clk 0:00:53]} 23. Ne4 {[%clk 0:01:34]}  gxf4 {[%clk 0:00:52]} 24. Qg4+ {[%clk 0:01:24]}  Bg7 {[%clk 0:00:43]} 25. Ng5 {[%clk 0:01:16]}  f3+ {[%clk 0:00:35]} 26. Kf1 {[%clk 0:01:09]}  Re7 {[%clk 0:00:12]} 27. Nxe6 {[%clk 0:01:03]}  Qe8 {[%clk 0:00:12]} 28. d5 {[%clk 0:01:00]}  Rxe6 {[%clk 0:00:06]} 29. Qxg7# {[%clk 0:00:58]} 1-0

[Event "April 9 Early 2024"]
[Site "Chess.com"]
[Date "2024.04.09"]
[Round "1"]
[White "Schrik, Rachid"]
[Black "Pinero Rodriguez, Carlos Jose"]
[Result "0-1"]
[Board "129"]
[WhiteFideId "1009818"]
[BlackFideId "3901726"]
[WhiteTitle "CM"]
[BlackTitle "IM"]
[WhiteElo "2441"]
[BlackElo "2770"]
[WhiteTeam "NED"]
[BlackTeam "VEN"]
[WhiteClock "0:00:00"]
[BlackClock "0:00:33"]
[Variant "Standard"]

1. d4 {[%clk 0:02:59]}  Nf6 {[%clk 0:02:58]} 2. c4 {[%clk 0:02:59]}  d6 {[%clk 0:02:59]} 3. Nc3 {[%clk 0:02:59]}  e5 {[%clk 0:02:59]} 4. e4 {[%clk 0:02:52]}  exd4 {[%clk 0:02:56]} 5. Qxd4 {[%clk 0:02:51]}  Nc6 {[%clk 0:02:57]} 6. Qd2 {[%clk 0:02:51]}  g6 {[%clk 0:02:57]} 7. Bd3 {[%clk 0:02:50]}  Bg7 {[%clk 0:02:57]} 8. Nge2 {[%clk 0:02:50]}  O-O {[%clk 0:02:58]} 9. O-O {[%clk 0:02:49]}  Re8 {[%clk 0:02:56]} 10. b3 {[%clk 0:02:49]}  Ng4 {[%clk 0:02:56]} 11. Bb2 {[%clk 0:02:35]}  Qh4 {[%clk 0:02:54]} 12. h3 {[%clk 0:02:29]}  Nge5 {[%clk 0:02:54]} 13. f4 {[%clk 0:02:16]}  Nxd3 {[%clk 0:02:06]} 14. Qxd3 {[%clk 0:02:17]}  f5 {[%clk 0:02:06]} 15. exf5 {[%clk 0:02:06]}  Bxf5 {[%clk 0:02:05]} 16. Qd2 {[%clk 0:01:49]}  Nb4 {[%clk 0:01:33]} 17. Nd5 {[%clk 0:01:40]}  Bxb2 {[%clk 0:01:23]} 18. Qxb2 {[%clk 0:01:38]}  Nxd5 {[%clk 0:01:12]} 19. cxd5 {[%clk 0:01:35]}  Re3 {[%clk 0:01:12]} 20. Nd4 {[%clk 0:00:47]}  Rae8 {[%clk 0:01:05]} 21. Nxf5 {[%clk 0:00:35]}  gxf5 {[%clk 0:01:06]} 22. Rf2 {[%clk 0:00:31]}  Kf7 {[%clk 0:00:47]} 23. Rc1 {[%clk 0:00:29]}  R8e7 {[%clk 0:00:47]} 24. Qd2 {[%clk 0:00:29]}  Qg3 {[%clk 0:00:46]} 25. Rcf1 {[%clk 0:00:24]}  h5 {[%clk 0:00:44]} 26. Rf3 {[%clk 0:00:23]}  Rxf3 {[%clk 0:00:44]} 27. Rxf3 {[%clk 0:00:23]}  Qe1+ {[%clk 0:00:45]} 28. Qxe1 {[%clk 0:00:22]}  Rxe1+ {[%clk 0:00:45]} 29. Rf1 {[%clk 0:00:19]}  Rxf1+ {[%clk 0:00:36]} 30. Kxf1 {[%clk 0:00:20]}  h4 {[%clk 0:00:37]} 31. Kf2 {[%clk 0:00:15]}  c5 {[%clk 0:00:36]} 32. g3 {[%clk 0:00:13]}  hxg3+ {[%clk 0:00:36]} 33. Kxg3 {[%clk 0:00:14]}  Kg6 {[%clk 0:00:34]} 34. a4 {[%clk 0:00:13]}  b6 {[%clk 0:00:33]} 35. Kf3 {[%clk 0:00:11]}  a6 {[%clk 0:00:33]} 36. Kg3 {[%clk 0:00:10]}  Kh5 {[%clk 0:00:31]} 37. h4 {[%clk 0:00:06]}  b5 {[%clk 0:00:31]} 38. axb5 {[%clk 0:00:06]}  axb5 {[%clk 0:00:32]} 39. Kh3 {[%clk 0:00:00]}  c4 {[%clk 0:00:33]} 0-1

[Event "April 9 Early 2024"]
[Site "Chess.com"]
[Date "2024.04.09"]
[Round "1"]
[White "Chan, Kim Yew"]
[Black "Pultinevicius, Paulius"]
[Result "0-1"]
[Board "131"]
[WhiteFideId "5717981"]
[BlackFideId "12809390"]
[WhiteTitle "FM"]
[BlackTitle "GM"]
[WhiteElo "2437"]
[BlackElo "2768"]
[WhiteTeam "MAS"]
[BlackTeam "LTU"]
[WhiteClock "0:00:03"]
[BlackClock "0:01:45"]
[Variant "Standard"]

1. e4 {[%clk 0:02:58]}  e5 {[%clk 0:02:55]} 2. Nf3 {[%clk 0:02:58]}  Nc6 {[%clk 0:02:55]} 3. Bc4 {[%clk 0:02:59]}  Bc5 {[%clk 0:02:54]} 4. c3 {[%clk 0:02:58]}  Nf6 {[%clk 0:02:54]} 5. d3 {[%clk 0:02:58]}  O-O {[%clk 0:02:51]} 6. O-O {[%clk 0:02:57]}  h6 {[%clk 0:02:50]} 7. d4 {[%clk 0:02:39]}  Bb6 {[%clk 0:02:09]} 8. dxe5 {[%clk 0:02:08]}  Nxe4 {[%clk 0:02:09]} 9. Qd5 {[%clk 0:01:38]}  Nc5 {[%clk 0:02:06]} 10. Be3 {[%clk 0:01:22]}  d6 {[%clk 0:02:03]} 11. Qd1 {[%clk 0:00:26]}  Nxe5 {[%clk 0:01:56]} 12. Nxe5 {[%clk 0:00:25]}  dxe5 {[%clk 0:01:56]} 13. Qc2 {[%clk 0:00:26]}  Qf6 {[%clk 0:01:55]} 14. Nd2 {[%clk 0:00:24]}  Bf5 {[%clk 0:01:54]} 15. Qc1 {[%clk 0:00:22]}  Rad8 {[%clk 0:01:55]} 16. Bxc5 {[%clk 0:00:16]}  Bxc5 {[%clk 0:01:54]} 17. b4 {[%clk 0:00:17]}  Bb6 {[%clk 0:01:54]} 18. a4 {[%clk 0:00:17]}  a5 {[%clk 0:01:54]} 19. Nb3 {[%clk 0:00:16]}  Qg6 {[%clk 0:01:43]} 20. bxa5 {[%clk 0:00:14]}  Bh3 {[%clk 0:01:44]} 21. g3 {[%clk 0:00:03]}  Qc6 {[%clk 0:01:45]} 0-1

[Event "April 9 Early 2024"]
[Site "Chess.com"]
[Date "2024.04.10"]
[Round "1"]
[White "Soto Hernandez, Henry"]
[Black "Rosenberg, Evan S"]
[Result "1-0"]
[Board "132"]
[WhiteFideId "3507475"]
[BlackFideId "2019299"]
[WhiteTitle "IM"]
[WhiteElo "2761"]
[BlackElo "2437"]
[WhiteTeam "CUB"]
[BlackTeam "USA"]
[WhiteClock "0:00:09"]
[BlackClock "0:00:10"]
[Variant "Standard"]

1. Nf3 {[%clk 0:03:00]}  d5 {[%clk 0:02:57]} 2. g3 {[%clk 0:03:00]}  Nd7 {[%clk 0:02:57]} 3. Bg2 {[%clk 0:03:01]}  e5 {[%clk 0:02:57]} 4. d3 {[%clk 0:03:01]}  Ngf6 {[%clk 0:02:57]} 5. O-O {[%clk 0:03:02]}  Bd6 {[%clk 0:02:57]} 6. Nbd2 {[%clk 0:03:02]}  O-O {[%clk 0:02:55]} 7. e4 {[%clk 0:03:02]}  c6 {[%clk 0:02:56]} 8. Qe2 {[%clk 0:02:59]}  Re8 {[%clk 0:02:54]} 9. b3 {[%clk 0:02:58]}  a5 {[%clk 0:02:55]} 10. a3 {[%clk 0:02:57]}  b5 {[%clk 0:02:37]} 11. Bb2 {[%clk 0:02:57]}  d4 {[%clk 0:02:37]} 12. Nh4 {[%clk 0:02:52]}  g6 {[%clk 0:02:36]} 13. h3 {[%clk 0:02:51]}  Rb8 {[%clk 0:02:32]} 14. Nhf3 {[%clk 0:02:46]}  Nc5 {[%clk 0:02:25]} 15. Nh2 {[%clk 0:02:43]}  Be6 {[%clk 0:02:22]} 16. f4 {[%clk 0:02:36]}  exf4 {[%clk 0:02:22]} 17. gxf4 {[%clk 0:02:37]}  Bc7 {[%clk 0:02:17]} 18. Qf2 {[%clk 0:02:31]}  Bb6 {[%clk 0:01:29]} 19. Kh1 {[%clk 0:02:27]}  Nb7 {[%clk 0:01:24]} 20. Ndf3 {[%clk 0:02:25]}  c5 {[%clk 0:01:22]} 21. Ng5 {[%clk 0:02:19]}  Bc8 {[%clk 0:01:15]} 22. Bc1 {[%clk 0:02:05]}  Bc7 {[%clk 0:01:15]} 23. Bd2 {[%clk 0:01:53]}  h6 {[%clk 0:01:14]} 24. Ngf3 {[%clk 0:01:52]}  Bd7 {[%clk 0:01:09]} 25. Rae1 {[%clk 0:01:47]}  Qc8 {[%clk 0:01:09]} 26. Qh4 {[%clk 0:01:44]}  Kg7 {[%clk 0:01:07]} 27. f5 {[%clk 0:01:41]}  Nh5 {[%clk 0:01:01]} 28. Ng4 {[%clk 0:01:34]}  Bg3 {[%clk 0:00:58]} 29. Bxh6+ {[%clk 0:01:30]}  Kh7 {[%clk 0:00:56]} 30. Nf6+ {[%clk 0:00:51]}  Nxf6 {[%clk 0:00:50]} 31. Qxf6 {[%clk 0:00:52]}  Kxh6 {[%clk 0:00:40]} 32. Qg5+ {[%clk 0:00:51]}  Kg7 {[%clk 0:00:41]} 33. f6+ {[%clk 0:00:46]}  Kh7 {[%clk 0:00:39]} 34. Qxg3 {[%clk 0:00:46]}  Rh8 {[%clk 0:00:37]} 35. Ng5+ {[%clk 0:00:40]}  Kg8 {[%clk 0:00:37]} 36. e5 {[%clk 0:00:40]}  Nd8 {[%clk 0:00:34]} 37. Re4 {[%clk 0:00:29]}  Ne6 {[%clk 0:00:34]} 38. Rh4 {[%clk 0:00:29]}  Rxh4 {[%clk 0:00:17]} 39. Qxh4 {[%clk 0:00:30]}  Nxg5 {[%clk 0:00:16]} 40. Qxg5 {[%clk 0:00:30]}  Bxh3 {[%clk 0:00:17]} 41. e6 {[%clk 0:00:20]}  Bxg2+ {[%clk 0:00:15]} 42. Kxg2 {[%clk 0:00:21]}  Qc6+ {[%clk 0:00:11]} 43. Rf3 {[%clk 0:00:20]}  Qxe6 {[%clk 0:00:06]} 44. Qh6 {[%clk 0:00:20]}  Qe2+ {[%clk 0:00:06]} 45. Kg3 {[%clk 0:00:18]}  Qe1+ {[%clk 0:00:05]} 46. Kg2 {[%clk 0:00:17]}  Qe2+ {[%clk 0:00:05]} 47. Rf2 {[%clk 0:00:16]}  Qg4+ {[%clk 0:00:05]} 48. Kh2 {[%clk 0:00:16]}  Qh5+ {[%clk 0:00:04]} 49. Qxh5 {[%clk 0:00:16]}  gxh5 {[%clk 0:00:05]} 50. Rf5 {[%clk 0:00:17]}  Kh7 {[%clk 0:00:05]} 51. Rxh5+ {[%clk 0:00:14]}  Kg6 {[%clk 0:00:05]} 52. Rxc5 {[%clk 0:00:15]}  Kxf6 {[%clk 0:00:06]} 53. Kg3 {[%clk 0:00:15]}  Ke6 {[%clk 0:00:06]} 54. Kf4 {[%clk 0:00:15]}  b4 {[%clk 0:00:04]} 55. a4 {[%clk 0:00:15]}  Rh8 {[%clk 0:00:03]} 56. Rxa5 {[%clk 0:00:15]}  Rh4+ {[%clk 0:00:04]} 57. Kg3 {[%clk 0:00:15]}  Rh1 {[%clk 0:00:01]} 58. Rc5 {[%clk 0:00:14]}  Rc1 {[%clk 0:00:02]} 59. Rc4 {[%clk 0:00:15]}  f5 {[%clk 0:00:03]} 60. Kf2 {[%clk 0:00:14]}  Ke5 {[%clk 0:00:04]} 61. a5 {[%clk 0:00:13]}  Kf4 {[%clk 0:00:03]} 62. Rxd4+ {[%clk 0:00:12]}  Kg5 {[%clk 0:00:04]} 63. Rc4 {[%clk 0:00:12]}  f4 {[%clk 0:00:03]} 64. a6 {[%clk 0:00:11]}  Kg4 {[%clk 0:00:04]} 65. a7 {[%clk 0:00:11]}  Ra1 {[%clk 0:00:05]} 66. Rxb4 {[%clk 0:00:11]}  Rxa7 {[%clk 0:00:05]} 67. Rb8 {[%clk 0:00:11]}  Ra2 {[%clk 0:00:04]} 68. Rg8+ {[%clk 0:00:10]}  Kf5 {[%clk 0:00:04]} 69. Rc8 {[%clk 0:00:11]}  Kg4 {[%clk 0:00:04]} 70. b4 {[%clk 0:00:10]}  Rb2 {[%clk 0:00:04]} 71. Rc4 {[%clk 0:00:09]}  Kg5 {[%clk 0:00:04]} 72. Kf3 {[%clk 0:00:09]}  Kg6 {[%clk 0:00:04]} 73. Kxf4 {[%clk 0:00:08]}  Kf6 {[%clk 0:00:05]} 74. Ke3 {[%clk 0:00:09]}  Ke5 {[%clk 0:00:05]} 75. Kd2 {[%clk 0:00:09]}  Kd5 {[%clk 0:00:06]} 76. Kc3 {[%clk 0:00:09]}  Rb1 {[%clk 0:00:06]} 77. Rc5+ {[%clk 0:00:09]}  Kd6 {[%clk 0:00:06]} 78. Ra5 {[%clk 0:00:09]}  Rc1 {[%clk 0:00:07]} 79. Ra2 {[%clk 0:00:09]}  Rh1 {[%clk 0:00:08]} 80. Rb2 {[%clk 0:00:09]}  Rh8 {[%clk 0:00:09]} 81. Kb3 {[%clk 0:00:09]}  Rc8 {[%clk 0:00:10]} 82. Ra2 {[%clk 0:00:10]}  Rb8 {[%clk 0:00:10]} 83. Ra5 {[%clk 0:00:09]}  Ra8 {[%clk 0:00:10]} 84. Rxa8 {[%clk 0:00:09]} 1-0